| 000 | 01347nam a22003737a 4500 | ||
|---|---|---|---|
| 003 | CHAP | ||
| 005 | 20220817042045.0 | ||
| 008 | 971013s1979 r 00010 d | ||
| 010 | _a33305 | ||
| 011 | _a34277 | ||
| 035 | _a38393 | ||
| 040 | _cCHAP | ||
| 090 | _aFolleto 5483 | ||
| 100 | 0 | 0 |
_aMauricio L., Manuel. _973146 |
| 245 | _aProposiciones metodológicas para el estudio del proceso de producción agrícola | ||
| 260 |
_aSan Cristóbal de las Casas, Chis. : _bCentro de Investigaciones Ecológicas del Sureste, _c1979 |
||
| 300 |
_a77 p. _b; apénd. |
||
| 490 |
_aSerie documentos _v; 5 |
||
| 500 | _ac.4 en bodega | ||
| 590 |
_aBATCH-UPD _b10 _c20130110 _lUCH01 _h1607 |
||
| 590 |
_aBATCH-UPD _b10 _c20130410 _lUCH01 _h1003 |
||
| 590 |
_aBATCH-UPD _b10 _c20130914 _lUCH01 _h1851 |
||
| 590 |
_aBATCH-UPD _b10 _c20140805 _lUCH01 _h1144 |
||
| 590 |
_aCONVERSION _b10 _c20130109 _lUCH01 _h1319 |
||
| 650 | 1 | 4 |
_aAgricultura _xAspectos económicos. |
| 650 | 1 | 4 |
_aAgricultura _xInvestigación. _91577 |
| 650 | 1 | 4 |
_aTrabajos científicos _xElaboración. _9114562 |
| 830 | 0 |
_aSerie documentos _v; 5 _9104824 |
|
| 901 | _aBK | ||
| 942 | _cFOLL | ||
| 949 |
_aFolleto 5483 _bBC _cFOLL _d-87821 _eTS1 _i38393 _mD. _si |
||
| 949 |
_aFolleto 5483 _bBC _cFOLL _d-87823 _eTS2 _fc.2 _i38393 _si |
||
| 949 |
_aFolleto 5483 _bBC _cFOLL _d33724000934667 _eTS2 _fc.3 _i38393 _si |
||
| 999 |
_c33305 _d33305 |
||